00540 2200205 4500001002100000005001500021035002000036245004800056100001700104250001700121300002800138260003100166082000800197084001400205020002200219650002100241600001500262008004100277990001600318INLIS00000000000003020240319083452 a0010-03240000301 aSeri Anggota Tubuh :bPerut /cLina Herlina0 aLina Herlina acetakan ke-1 a24 hlm :bilus ;c19 cm aSolo :bTiga Ananda,c2018 a813 a813 LIN s a978-602-366-445-0 4aCerita Bergambar 4aSains Anak240319 0  a00000000030